Parole che iniziano con la "R" - Statistics

Statistiche generali
  • Questo quiz è stato fatto 281 volte
  • Il punteggio medio è 9 su 15
Statistiche sulle risposte
INDIZIO RISPOSTA % Corretto
Cognome più diffuso in Italia Rossi
99%
L'animale che ha morso Spiderman nel film con Tobey Maguire Ragno
94%
Qui venivano giustiziate le persone accusate di stregoneria Rogo
79%
Animale che, in un cartone, aiuta una persona a cucinare Ratto
67%
Quella trovata sulle grotte primitive è un tipo di pittura ________ Rupestre
64%
Discesa fluviale su un particolare gommone Rafting
63%
Acronimo di: radio detection and ranging Radar
60%
Cesare lo attraversò con l'esercito nel 49 a.C. Rubicone
58%
Latticino che si ottiene dal siero di latte Ricotta
56%
Band degli anni 60-70 stata rivale de Beatles Rolling Stones
52%
Passatempo che consiste in un problema o un enigma Rompicapo
50%
Infezione virale delle prime vie respiratorie, in particolare del naso e della gola Raffreddore
46%
26° presidente degli USA (cognome) Roosevelt
41%
Effetto del "panneggio" sulla pelle umana Ruga
27%
Rendere corrugato Raggrinzare
6%
Nessun quiz corrispondente trovato
Distribuzione punteggi
Percentuale di utenti per punteggio
Percentile per numero di risposta
I tuoi punteggi nel tempo
Non hai fatto questo quiz